书目信息 |
| 题名: |
王选 “异想天开”的科学斗士
|
|
| 作者: | 葛竞 著 | |
| 分册: | ||
| 出版信息: | 北京 党建读物出版社 2019.04 |
|
| 页数: | 145页 | |
| 开本: | 19cm | |
| 丛书名: | 中华人物故事汇 | |
| 单 册: | ||
| 中图分类: | K826.16=76 | |
| 科图分类: | ||
| 主题词: | 院士--yuan shi--生平事迹--中国--现代--青少年读物 | |
| 电子资源: | ||
| ISBN: | 978-7-5099-1120-4 | |
| 000 | 01214nam 2200265 450 | |
| 001 | 29980 | |
| 005 | 20221116180127.13 | |
| 010 | @a978-7-5099-1120-4@dCNY18.00 | |
| 100 | @a20191025d2019 cemy0chiy50 ea | |
| 101 | 0 | @achi |
| 102 | @aCN@b110000 | |
| 105 | @aa z 000yd | |
| 200 | 1 | @a王选 “异想天开”的科学斗士@Awang xuan “yi xiang tian kai”de ke xue dou shi@f葛竞著 |
| 210 | @a北京@c党建读物出版社@d2019.04 | |
| 215 | @a145页@c图@d19cm | |
| 225 | 2 | @a中华人物故事汇@Azhong hua ren wu gu shi hui@i中华先锋人物故事汇@h第一辑 |
| 314 | @a葛竞, 北京电影学院副教授, 中国作家协会第六届、第七届代表大会最年轻的代表。 | |
| 330 | @a本书主人公王选, 曾任中国科学院院士, 中国工程院院士, 第三世界科学院院士, 北京大学计算机研究所教授。他是汉字激光照排系统的创始人, 他所领导的科研集体研制出的汉字激光照排系统为新闻、出版全过程的计算机化奠定了基础, 被誉为“汉字印刷术的第二次发明”。 | |
| 410 | 0 | @12001 @a中华人物故事汇@i中华先锋人物故事汇@h第一辑 |
| 600 | 0 | @a王选,@Awang xuan@f1937-2006@x生平事迹@j青少年读物 |
| 606 | 0 | @a院士@Ayuan shi@x生平事迹@y中国@z现代@j青少年读物 |
| 690 | @aK826.16=76@v5 | |
| 701 | 0 | @a葛竞@Age jing@4著 |
| 801 | 0 | @aCN@c20220910 |
| 905 | @a河南城建学院图书馆@dK826.16=76@eG305@f2 | |
| 王选 “异想天开”的科学斗士/葛竞著.-北京:党建读物出版社,2019.04 |
| 145页:图;19cm.-(中华人物故事汇.中华先锋人物故事汇.第一辑) |
| ISBN 978-7-5099-1120-4:CNY18.00 |
| 本书主人公王选, 曾任中国科学院院士, 中国工程院院士, 第三世界科学院院士, 北京大学计算机研究所教授。他是汉字激光照排系统的创始人, 他所领导的科研集体研制出的汉字激光照排系统为新闻、出版全过程的计算机化奠定了基础, 被誉为“汉字印刷术的第二次发明”。 |
| ● |
| 相关链接 |
|
|
|
正题名:王选 "异想天开"的科学斗士
索取号:K826.16=76/G305
 
预约/预借
| 序号 | 登录号 | 条形码 | 馆藏地/架位号 | 状态 | 备注 |
| 1 | 1584111 | 215841114 | 社科库309/309社科库 55排7列3层/ [索取号:K826.16=76/G305] | 在馆 | |
| 2 | 1584112 | 215841123 | 社科库309/309社科库 55排7列3层/ [索取号:K826.16=76/G305] | 在馆 |